000 04566nab a2200373 i 4500
003 BR-BrBNA
005 20240709141107.0
008 240709b2017 bl.|r|pooa||| 00| 0 por |
040 _aBR-BrBNA
_bpor
072 _aL72
_b8810
072 _aL70
100 _aRibeiro, V.M.F. ,
100 _aFaino, A.L.
100 _aPeruquetti, R.C.
100 _aSouza, S.F.
100 _aMedeiros, L.S. ,
100 _aKaraccas, Y.
100 _aSantos, F.G.A. .
245 _aAvaliação da eficiência de cal virgem na inativação de ovos de nematoides (Strongyloides sp.) parasitos de pacas (Cuniculus paca) criadas em cativeiro
500 _aPublicação online; 29 ref; 5 illus.; Summaries (En, Pt)
520 _a RESUMO - Criadores de animais silvestres sempre buscam métodos eficientes de manter sua criação. Parasitos intestinais afetam os animais em cativeiro, diminuindo sua sobrevivência e reprodução. Este estudo teve como objetivo avaliar a eficácia do uso de cal virgem na desinfecção do solo e na prevenção da reinfestação de endoparasitos em pacas (Cuniculus paca) em cativeiro. Amostras de solo das baias de criação foram analisadas usando-se o método de Rugai modificado. Duas etapas foram avaliadas: a primeira aos cinco, 45 e 105 minutos após os tratamentos, e a segunda aos sete dias e aos 14 dias após os tratamentos. Os valores de pH das amostras foram verificados após a aplicação de quatro tratamentos. Foram aplicados 400g/m2 de cal virgem a lanço ou 500mL/m2 de três soluções de cal virgem (10%, 20% ou 40% p/v). Na primeira etapa, a cal a lanço foi ineficaz na modificação do pH do solo e no controle de parasitos. A solução a 10% proporcionou o melhor controle dos parasitos. Na segunda etapa, as soluções foram eficazes na elevação do pH, porém não houve diferença significativa nos achados larvais. Concluiu-se que, nas condições do estudo, a solução a 10% aumentou o pH do solo e teve boa capacidade de inativação dos ovos de Strongyloides sp., o que economicamente é interessante. Porém, para o controle eficiente de Strongyloides sp. em cativeiros de pacas, deve-se considerar a frequência da aplicação de soluções com até 20% de cal, juntamente com a adoção de um programa de vermifugação. Palavras-chave: animal silvestre, desinfecção, produção, manejo sanitário
520 _a ABSTRACT - Wild animal breeders are always looking for effective ways to care for their livestock. Intestinal parasites affect animals in captivity, reducing their survival and reproduction. This study aimed to evaluate the effectiveness of quicklime for use in soil disinfection and prevention of reinfection of endoparasites in paca (Cuniculus paca) kept in captivity. Soil samples of pacas’ stalls were analyzed using the modified Rugai method. Two experimental stages were evaluated; the first at 5, 45 and 105 minutes after treatment and the second at 7 days and 14 days after treatment. The pH values of the samples were checked after the application of four treatments. An application of 400g/m2 of quicklime spread out on ground or 500mL/m2 of three lime solutions (10%, 20% or 40%, w / v) applied on ground. In the first stage, the lime spread out on soil was ineffective in parasites control, while the 10% solution provided the best control of parasites. In the second stage, the solutions were effective in raising the pH, but there was no significant difference in larval findings. In conclusion, under the conditions of the study, 10% solution increased the soil pH and had good ability to inactivate the eggs of Strongyloides sp.; that is economically interesting. However, for effective control of Strongyloides sp. in pacas kept captive, both the frequency of application of solutions up to 20% of lime and the adoption of a good worming schedule should be taken into consideration. Keywords: wild animal, disinfection, production, health management
650 _aPACA
650 _aCRIAÇÃO
650 _aPARASITO DE ANIMAL
650 _aNEMATOIDE
650 _aDESINFECÇÃO
650 _aMANEJO
650 _aDEFESA ANIMAL
773 0 _01643
_9316242
_dBelo Horizonte-MG Universidade Federal de Minas Gerais - Escola de Veterinaria 1983
_o2024-2643
_tArquivo Brasileiro de Medicina Veterinária e Zootecnia (Brazil)
_x0102-0935
_gv. 69(4) p. 989-996; (2017)
_wBR2024001666
856 _uhttps://www.scielo.br/j/abmvz/a/Rq7g9Ks3jX9VPbQYLjfshhR/?format=pdf&lang=pt
942 _cAnalítica
999 _c300462
_d300462